Word Ladder: Little Women Quiz Stats

 Plays Quiz Updated Jul 24, 2014

Support Sporcle.
Go Orange.
Score 0/16 Timer 01:30
0 Plays Today
Hint 3-Letter Word % Correct
FinaleEND
95.2%
Not manyFEW
93.8%
Morning moisture on plantsDEW
93.2%
Sound a crow makesCAW
90.8%
Not a particular oneANY
86.2%
A North African tasseled hatFEZ
85.5%
A candy with a head-y dispenserPEZ
84.9%
Important stock market averageDOW
84.6%
Hint 3-Letter Word % Correct
A female elephantCOW
82%
Type of logic gateAND
81.2%
'Junebug' star AdamsAMY
80.9%
Crookshanks or Morris, e.g.CAT
77.2%
Tree creature from 'The Lord of the Rings'ENT
72.7%
SupEAT
71.8%
Mila Kunis's character on 'Family Guy'MEG
64.9%
Score keeper in cribbagePEG
61.7%

Today's Daily Dose

You're not logged in!

Compare scores with friends on all Sporcle quizzes.
OR
Log In

From the Vault

Letters Minefield: US Presidents

by LTH

Someday President Xanadu will make this quiz much tougher.
Remove Ads.
Support Sporcle.
Get the best of Sporcle when you Go Orange. This ad-free experience offers more features, more stats, and more fun while also helping to support Sporcle. Thank you for becoming a member.

Show Comments

Extras

Top Quizzes Today


Score Distribution

Your Account Isn't Verified!

In order to create a playlist on Sporcle, you need to verify the email address you used during registration. Go to your Sporcle Settings to finish the process.

Report this User

Report this user for behavior that violates our Community Guidelines.

Details: